• 首页
  • 本馆介绍
  • 公告通知
  • 最新文献
  • 馆藏检索
  • 电子资源
  • 读者导购
  • 参考咨询
  • 我的图书馆
  • 登录
  • 详细信息显示
  • 放入我的书架
  • 预约/预借图书
  • 作者相关作品
  • 分类相关作品
  • 丛书相关作品
  • 出版社相关作品

书目信息

  • 表格格式
  • 工作单格式
  • 卡片格式
题名:
商代历史故事
    
 
作者: 周菲 著
分册:  
出版信息: 石家庄   河北人民出版社  1980
页数: 84页
开本: 19cm
丛书名: 历史小故事丛书
单 册:
中图分类: I287.53 , I242
科图分类:
主题词: 历史故事--儿童文学--中国--现代 , 小说--中国
电子资源:
ISBN:
000 00731oam2 2200265 450
001 1561892760
005 20150118171208.12
010    @dCNY0.21
091    @aR10086.496@dCNY0.21
100    @a20090606d1980 em y0chiy0121 ea
101 0  @achi
102    @aCN@b130000
105    @aa z 000fy
200 1  @a商代历史故事@9shang dai li shi gu shi@f周菲
210    @a石家庄@c河北人民出版社@d1980
215    @a84页@c图@d19cm
225 2  @a历史小故事丛书@9li shi xiao gu shi cong shu
461  0 @12001 @a历史小故事丛书
606 0  @a历史故事@x儿童文学@y中国@z现代
606 0  @a小说@x中国
690    @aI287.53@v5
690    @aI242@v4
701  0 @a周菲@9zhou fei@4著
801  0 @aCN@bTSSF@c20150115
905    @aZUCC@dI242@eJY15
    
    商代历史故事/周菲.-石家庄:河北人民出版社,1980
    84页:图;19cm.-(历史小故事丛书)
    
    
    ISBN :CNY0.21
    
●
相关链接 在E读中查询图书 在五车中查询图书 在当当中查询图书 在豆瓣中查询图书


正题名:商代历史故事     索取号:I242/JY15         预约/预借

序号 登录号 条形码 馆藏地/架位号 状态 备注
1 7835418   278354184   学院路分馆/ [索取号:I242/JY15] 在馆    
2 7835419   278354193   学院路分馆/ [索取号:I242/JY15] 在馆    
唐山师范学院图书馆 欢迎您!
大连网信软件有限公司© 版权所有